Entrega de premios
Colección:
San Jorge,
; núm. 9 (gener 1953), pàg 81
Materias:
Balet Portabella, Joaquín -- Premis
; Balet Portabella, Manuel -- Premis
; Esparreguera (Catalunya). -- Ajuntament -- Premis
; Sant Pere de Ribes (Catalunya). -- Ajuntament -- Premis
; Santa Maria de Miralles (Catalunya). -- Ajuntament -- Premis
; Olesa de Montserrat (Catalunya). -- Ajuntament -- Premis
Idioma:
Español
MARC
| LEADER | 00000naa a2200000 a 4500 | ||
|---|---|---|---|
| 003 | Arxiu | ||
| 005 | 20260324181039.0 | ||
| 008 | 160829s1953 spc xx s spa c | ||
| 040 | |a agdb | ||
| 245 | 0 | 0 | |a Entrega de premios |
| 490 | |a San Jorge, |v núm. 9 (gener 1953), pàg 81 | ||
| 600 | 1 | 0 | |9 54756 |a Balet Portabella, Joaquín |x Premis |
| 600 | 1 | 0 | |9 54757 |a Balet Portabella, Manuel |x Premis |
| 610 | 1 | 0 | |a Esparreguera (Catalunya). |b Ajuntament |x Premis |9 54752 |
| 610 | 1 | 0 | |a Sant Pere de Ribes (Catalunya). |b Ajuntament |x Premis |9 54753 |
| 610 | 1 | 0 | |a Santa Maria de Miralles (Catalunya). |b Ajuntament |x Premis |9 54754 |
| 610 | 1 | 0 | |a Olesa de Montserrat (Catalunya). |b Ajuntament |x Premis |9 54755 |
| 773 | |g Núm. 9 (gener 1953), pàg 81 |t San Jorge. | ||
| 901 | |a Arxiu | ||
| 942 | |n 1 |2 udc |c ART | ||
| 952 | |0 0 |1 0 |4 0 |6 REV508 |7 1 |9 64347 |a Arxiu |b Arxiu |d 2022-11-24 |o Rev-508 |r 2022-11-24 00:00:00 |w 2022-11-24 |y ARXIU |z També disponible a Rev-522 | ||
| 999 | |c 48839 |d 48839 | ||